000 00563nam a2200217Ia 4500
003 GCL
008 140319s9999 xx 000 0 eng d
040 _aGCL /
_cGCL
082 0 4 _a531
_bS A
100 1 _aSRINARH, L. S.
245 1 0 _aADVANCED MECHANICS OF SOLIDES /
_cSRINARH, L. S.
260 _a[S.N] :
_bTATA MCGRAW - HILL PUBLISHING ،
_c1992
300 _a371\P
650 0 4 _aالتحليل الرياضى
650 0 4 _aMATERIALS
650 0 4 _aHYDROSTATICS
650 0 4 _aFLUIDS
650 0 4 _aMECHANICS
650 0 4 _aEQUILIBRIUM
942 _2ddc
_cBK
999 _c20195
_d20195